000 00763nam a2200217 a 4500
999 _c1101
_d1101
001 1101
003 BD-JhCC
005 20171126172042.0
008 171015s2005 bg a|||| |||| 001 0 ben d
020 _a9844018455
035 _a(BD-JhCC)1101
040 _aBD-JhCC
_dBD-JhCC
041 _aben
082 _a910.4
_bPIN 2005
100 _aপিন্টু, শরিফুজ্জামান
245 _aনোবেল পুরস্কার ও আলফ্রেডের সুইডেন /
_cশরিফুজ্জামান পিন্টূ
260 _aঢাকা:
_bআগামী প্রকাশনী,
_c২০০৫.
300 _a১০৩ প.:
_bill.;
_c২১ সেমি.
650 _aNobel Prizes
_zSuden
942 _2ddc
_cBK